000
00288nam a22001337a 4500
008
180129b xxu||||| |||| 00| 0 eng d
020
_a
9780395970485
041
_a
eng
080
_a
37
100
_a
46
101
_a
edu
245
_a
teacher resouce book
_c
james.p
942
_2
udc
_c
BK
999
_c
41165
_d
41165